000
00268cam a2200121ua 4500
082
_a
660.2842
_b
MCC/UN
100
_a
McCabe, Warren L.
245
_a
Unit operations in chemical engineering
250
_a
4 /
_b
.
300
_a
; .
504
_a
999
_c
11347
_d
11347